000 00581nam a22001577a 4500
003 NUST
038 _aNusrat Nadeem
082 _a200
100 _aFatima, Syeda Urooj
_9131204
245 _aMachine Learning–Based Assessment of Interdisciplinary Education: Integrating Academic, Behavioral, and Psychological Insights/
_cSyeda Urooj Fatima,
264 _aIslamabad:
_bSEECS NUST.
_c2025.
650 _aMS-Computer Science
_926780
700 _aSupervisor: Dr. Tahira Anwar Lashari
_996746
856 _u http://10.250.8.41:8080/xmlui/handle/123456789/55753
942 _2ddc
_cSC
999 _c615194
_d615194